00336nam a2200109Ia 450000500170000000800410001710000200005824501140007826000100019230000110020265000130021320260328101516.0260328s9999||||xx |||||||||||||| ||und|| aPoirier, René 0aLa epopeya de las Grandes Construcciónes :b de la Torre de Babel a la Ciudad del ÁTomo /cRené Poirier bLabor a468 p. aHISTORIA